000 00611njm a2200181 i 4500
001 C2-0264771
003 PPAK
005 20180729163240.0
008 050510s2005 my |||| ||||| | eng d
040 _aPPAK
_beng
_cPPAK
_erda
245 0 0 _aSeminar on preservation & dissermination of oral history as national heritage
264 1 _aAlor Setar, Kedah :
_bPerbadanan Perpustakaan Awam Kedah ,
_c2005
336 _2rdacontent
_atext
337 _2rdamedia
_aunmediated
338 _2rdacarrier
_avolume
500 _aTiada transkripsi ; Dirakam pada 07-09/04/05 ; Rakaman di Hotel Renaissance
942 _ddc
_cB
999 _c163433
_d163433